00839 2200313 4500001002100000005001500021007000300036008004100039020001800080035002000098040001700118041000800135082000800143084001400151090001900165100001400184245004900198250002100247260003700268300004200305504002900347650001400376850001000390990002500400990002500425990002500450990002500475990002500500INLIS00000000000229020260603085401ta260603 0  a979-1078-09-2 a0010-0220000141 aSBPUPADbind07aind a657 a657 EVI a a657 EVI a 22-20 aEvi Maria1 aAkuntansi Untuk Perusahaan Jasa /cEvi Maria a.-Ed.1 ; .-Cet.1 aYogyakarta :bGava Media,c2007 axiii, hlm 149. :bilus. ;c14 x 21 cm aBibliografi, hlm 151-152 4aAkuntansi aPUPAD a32.497/APBD/DPK/2019 a32.498/APBD/DPK/2019 a32.499/APBD/DPK/2019 a32.500/APBD/DPK/2019 a32.500/APBD/DPK/2019